Statistiques concernant Culture Générale - Série 1507

Cliquez ici pour prendre le quiz!

Statistiques générales

  • Ce quiz a été pris 99 fois
  • Le résultat moyen est 4 sur 10

Statistiques - réponses

QuestionRéponse% Correct
Quel mot désigne familièrement un livre, un vieux bouc et un lapin mâle ?bouquin
70%
Quelle était la nationalité de l'astronome Nicolas Copernic ?polonaise
64%
Quel synonyme de "relaxation" désigne une des pièces du mécanisme d'une arme à feu ?détente
62%
Combien de concertos, dits "brandebourgeois", Jean-Sébastien Bach a-t-il composé ?6
61%
Quel est le prénom du dessinateur Uderzo ?Albert
47%
Quel chanteur a suscité la controverse avec des chansons comme “Les Deux Écoles” et “Le Bac G” ?Michel Sardou
43%
Dans la chanson 'Colchiques', qu'est-ce qui est emporté par le vent ?la feuille d'automne
32%
Comment appelle-t-on l'enveloppe de la Terre située entre la croûte et le noyau ?manteau
28%
Quel mot désignant un "homme très fort", est aussi le nom d'une région littorale du sud-ouest de l'Inde ?Malabar
16%
En 1927, quel aviateur français disparaît, avec Nungesser, à bord de “L'Oiseau blanc” ?François Coli
14%

Distribution des résultats

Percentile par nombre de réponses

% des personnes avec chaque résultat

Votre développement - résultats

Vous n’avez pas pris ce quiz